000
00292nam a2200109Ia 4500
008
190216s9999||||xx |||||||||||||| ||und||
100
_a
Arumugham.S & Ramachandran.S
245
0
_a
Invitation To Graphic Theory
260
_b
Scitech Publications
_c
2003
650
_a
Mathematics
942
_c
BK
999
_c
32287
_d
32287